Benita Galeana Lacunza entrevista a una mujer comunista
Salvato in:
| Autore principale: | |
|---|---|
| Natura: | Libro |
| Lingua: | spagnolo |
| Pubblicazione: |
Chapingo
Universidad Autónoma Chapingo
2002
|
| Edizione: | 3. ed. |
| Soggetti: | |
| Tags: |
Nessun Tag, puoi essere il primo ad aggiungerne!!
|
MARC
| LEADER | 00000nam$a2200000$$$4500 | ||
|---|---|---|---|
| 001 | 0034678 | ||
| 005 | 20240318115049.2 | ||
| 020 | |a 968-884-812-3 | ||
| 041 | 0 | |a spa | |
| 044 | |a MX | ||
| 245 | 1 | 0 | |a Benita Galeana Lacunza |b entrevista a una mujer comunista |c Marcelo Gonzáles Bustos |
| 250 | |a 3. ed. | ||
| 264 | 1 | |a Chapingo |b Universidad Autónoma Chapingo |c 2002 | |
| 300 | |a 69 s. | ||
| 610 | 2 | 0 | |a biografia |
| 610 | 2 | 0 | |a hnutie revolučné |
| 610 | 2 | 0 | |a hnutie robotnícke |
| 610 | 2 | 0 | |a komunizmus |
| 610 | 2 | 0 | |a Mexiko |
| 610 | 2 | 0 | |a Lacunza, B.G. |
| 100 | 1 | |a Bustos, Marcelo Gonzáles | |